Milk production & processing

Bibliographic Details
Main Author: Kutty, C. Ibraheem
Other Authors: Khamer, Sheeba
Format: Book
Published: New Delhi : Daya Publishing House , 2004
Subjects:

MARC

LEADER 00000cam a2200000 7i4500
001 0000018365
005 20080616.0
008 080605
020 |a 8170353297 
090 0 0 |a 636.2142   |b KUT 
100 1 |a Kutty, C. Ibraheem 
245 1 0 |a Milk production & processing   |c C. Ibraheem Kutty, Sheeba Khamer 
246 1 |a Milk production and processing 
260 |a New Delhi :   |b Daya Publishing House ,   |c 2004 
650 0 |a Animal husbandry 
650 0 |a Dairying 
700 1 |a Khamer, Sheeba 
999 |a 0001020354   |b Book   |c Adult Collection   |e Perbadanan Perpustakaan Awam Johor